Asian Countries That Start With I - Statistics

General Stats
  • This quiz has been taken 36 times
  • The average score is 5 of 5
Answer Stats
Country % Correct
Indonesia
100%
India
94%
Iran
94%
Iraq
94%
Israel
84%
No matching quizzes found
Score Distribution
Percent of People with Each Score
Percentile by Number Answered
Your Score History
You have not taken this quiz